|
|
|
|
| LEADER |
00000nas a2200000 a 4500 |
| 001 |
vtls012065883 |
| 003 |
SK-MaSNL |
| 005 |
20260228155922.0 |
| 008 |
210818c20099999xo ar|p y 0 b0slo |
| 040 |
|
|
|a SNK
|b slo
|c SNK
|e AACR2
|
| 041 |
0 |
|
|a slo
|
| 044 |
|
|
|a xo
|c SK
|
| 072 |
|
7 |
|a 640.4
|x Hotelierstvo. Stravovanie
|2 konspekt
|
| 080 |
|
|
|a 640.412
|2 2011
|
| 080 |
|
|
|a 640.4
|2 2011
|
| 080 |
|
|
|a 050
|2 2001
|
| 080 |
|
|
|a (058)
|2 2011
|
| 245 |
0 |
0 |
|a Horeca navigátor ...
|
| 260 |
|
|
|a Bratislava
|b Sanoma Magazines Slovakia
|c 2009-
|
| 300 |
|
|
|a zv.
|c 26 cm
|
| 310 |
|
|
|a 1x ročne
|
| 362 |
0 |
|
|a 2009/2010-
|z SKP
|
| 500 |
|
|
|a Súčasťou názvu je kalendárny rok
|
| 500 |
|
|
|a Je prílohou k: HoReCa magazine
|
| 650 |
0 |
7 |
|a hotely
|2 SNKPH
|9 18422
|
| 650 |
0 |
7 |
|a hoteliérstvo
|2 SNKPH
|9 16510
|
| 655 |
|
7 |
|a ročenky
|2 SNKPH
|9 57146
|
| 772 |
0 |
|
|t HoReCa magazine
|x 1336-4332
|
| 910 |
|
|
|a snk
|
| 999 |
|
|
|c 889
|d 889
|
| 952 |
|
|
|0 0
|1 0
|4 0
|7 0
|8 0
|a SNK
|b SNK
|d 2021-08-18
|i snk2021/10430
|l 0
|o snkČSB 7682/2009-2010
|p 17A1434850
|r 2026-02-21 19:53:05
|w 2026-02-21
|y PREZ
|